000 00723nam a2200205Ia 4500
003 GCL
008 140319s9999 xx 000 0 ara d
040 _aGCL /
_cGCL
082 0 4 _aم
_b610.3
_bر م
100 1 _aرئيف بستانى
245 1 0 _aالموسوعة الطبية :
_bاول موسوعة عربية صحية طبية مصورة بالالوان /
_cرئيف بستانى
700 1 _aمحمد عبدالرؤف السماك
700 1 _aعدنان اليازجى
260 _aالقاهرة :
_bالشركة الشرقية للمطبوعات ،
_c1991
300 _a15 مجلد:
_bايض ؛
_c29 سم
490 _a
650 0 4 _aدوائر المعارف
650 0 4 _aالطب
942 _2ddc
_cBK
999 _c34873
_d34873